Normal view
MARC view
- Doeser, Linda
Entry Personal Name
001 - CONTROL NUMBER
- control field: 121460
003 - CONTROL NUMBER IDENTIFIER
- control field: NUST
005 - DATE AND TIME OF LATEST TRANSACTION
- control field: 20240227113918.0
008 - FIXED-LENGTH DATA ELEMENTS
- fixed length control field: 240227|| aca||aabn | a|a d
040 ## - CATALOGING SOURCE
- Original cataloging agency: NUST
- Transcribing agency: NUST
100 ## - HEADING--PERSONAL NAME
- Personal name: Doeser, Linda
670 ## - SOURCE DATA FOUND
- Source citation: Work cat.: (NUST): Doeser, Linda, The life and works of Gainsborough/, 1995.
